Co to za Pokemon? - Statystyki

Ogólne statystyki
  • Ten quiz został rozwiązany 64 razy
  • Średni wynik to 3 z 7
Statystyki odpowiedzi
Podpowiedź Pokemon % Poprawnych
Najlepszy przyjaciel Asha Pikachu
100%
Jest smokiem (na literę C) Charizard
94%
Trochę kot trochę lis (na literę E) Eevee
43%
Żółw z liściem na grzbiecie Bulbasaur
36%
Pingwin (na literę P) Piplup
30%
Bóbr z wystającymi zębami Bidoof
26%
Pichu - Pikachu a potem... Rajchu
17%
Nie znaleziono quizów pasujących do podanych kryteriów
Rozkład punktacji
Procent ludzi z każdym wynikiem
Percentyl według liczby udzielonych odpowiedzi
Twoja historia wyników
Nie rozwiązałeś tego quizu